| 000 | 00941nas a2200301 4500 | ||
|---|---|---|---|
| 001 | BR0704285 | ||
| 003 | BR-BrBNA | ||
| 005 | 20231205111107.0 | ||
| 007 | ta | ||
| 008 | 230509b bl.|||p| |||| 00| 00por d | ||
| 040 |
_aBR-BrBNA _bpor _cBiblioteca Nacional de Agricultura |
||
| 041 | _a(Pt) | ||
| 072 | _aF30; H10 | ||
| 100 | 1 | _aBoiça Júnior, A.L. | |
| 100 | 1 | _aMartinelli, S. | |
| 100 | 1 | _aPereira, M.F.A. | |
| 245 | 1 | _aResistência de genótipos de milho ao ataque de Spodoptera frugiperda (J.E.Smith, 1797)e Helicoverpa zea (Boddie, 1850)(Lepidoptera: Noctuidae) | |
| 650 | _aGENÓTIPO | ||
| 650 | _aMILHO | ||
| 650 | _aRESISTÊNCIA GENÉTICA | ||
| 650 | _aPRAGA DE PLANTA | ||
| 650 | _aLAGARTA | ||
| 650 | _aALIMENTAÇÃO | ||
| 650 | _aATRATIVO | ||
| 773 | 0 |
_tEcossistema (Brazil) _xISSN 0100-4107 _g(Jan-Jul 2001), v. 26(1) p. 86-90 _wBR0704285 |
|
| 909 |
_a202311 _bLúcia _c55 _dLúcia Elande |
||
| 942 |
_2AGRIS _n0 _cANA |
||
| 999 |
_c190617 _d190617 |
||